Catálogo

ETNICIDAD Y PLURALISMO CULTURAL LA DINAMICA ETNICA EN OAXACA (Registro nro. 57696)

Detalles MARC
000 -LEADER
fixed length control field 01185nam a2200217 a 4500
001 - CONTROL NUMBER
control field 57696
005 - DATE AND TIME OF LATEST TRANSACTION
control field 20180714054004.0
008 - FIXED-LENGTH DATA ELEMENTS--GENERAL INFORMATION
fixed length control field 140415s1990 mx 000 0 spa d
020 ## - INTERNATIONAL STANDARD BOOK NUMBER
International Standard Book Number 9682927676
041 ## - LANGUAGE CODE
Language code of text/sound track or separate title spa
082 ## - DEWEY DECIMAL CLASSIFICATION NUMBER
Classification number 305.89707274
Item number BAR
245 00 - TITLE STATEMENT
Title ETNICIDAD Y PLURALISMO CULTURAL LA DINAMICA ETNICA EN OAXACA
250 ## - EDITION STATEMENT
Edition statement 1a ed.
260 ## - PUBLICATION, DISTRIBUTION, ETC.
Place of publication, distribution, etc. MEXICO :
Name of publisher, distributor, etc. CONSEJO NACIONAL PARA LA CULTURA Y LAS ARTES,
Date of publication, distribution, etc. 1990
300 ## - PHYSICAL DESCRIPTION
Extent 286
Dimensions 13.5 x 2.7 x 21
490 ## - SERIES STATEMENT
Series statement REGIONES
500 ## - GENERAL NOTE
General note ALICIA M. BARBAS Y MIGUEL A. BARTOLOME SON COORDINADORES
520 ## - SUMMARY, ETC.
Summary, etc. OAXACA ES UNA CAMBIANTE E INAGOTABLE FUENTE PARA EL CONOCIMIENTO ANTROPOLOGICO. ESTE LIBRO CONSTITUYE UNA PROPUESTA DE APROXIMACION A LA CUESTION ETNICA DE LA REGION, EN LA QUE PODEMOS CONTAR 17 GRUPOS A QUIENES PROCESOS Y DESARROLLOS CIVILIZADORES AFECTAN DIVERSAMENTE . LOS AUTORES PRESENTAN LOS DIFERENTES MOMENTOS Y LAS CARACTERISTICAS DE LA DINAMICA REGIONAL DESDE LA EPOCA PREHISPANICA HASTA LOS MOVIMIENTOS ETNOPOLITICOS.
650 14 - SUBJECT ADDED ENTRY--TOPICAL TERM
Topical term or geographic name entry element INDIOS DE MEXICO
General subdivision MEXICO
-- OAXACA
-- INDIOS DE MEXICO
-- MEXICO
-- OAXACA
-- CONDICIONES SOCIALES
700 1# - ADDED ENTRY--PERSONAL NAME
Personal name BARABAS, ALICIA M. -BARTOLOME, MIGUEL A.
Relator term coaut.
Existencias
Withdrawn status Lost status Source of classification or shelving scheme Damaged status Not for loan Collection code Home library Current library Shelving location Date acquired Source of acquisition Inventory number Total Checkouts Full call number Barcode Date last seen Price effective from Koha item type
    Dewey Decimal Classification     General Biblioteca Karol Wojtyla Biblioteca Karol Wojtyla Sala general 03/12/2013 Compra 151000000000000000053656   305.89707274 BAR 87186 05/01/2026 03/12/2013 Libro